Microsofl 2.0. How Microsofl Plans to Stay Relevant in the Post- Gates Era

Enregistré dans:
Détails bibliographiques
Auteur principal: Foley, Mary Jo
Format: Livre
Langue:English
Publié: Wiley Publishing Inc 2008
Sujets:
Tags: Ajouter un tag
Pas de tags, Soyez le premier à ajouter un tag!
Thư viện lưu trữ: Mạng thư viện Đại học Đà Nẵng
LEADER 01137cam a22003251a 4500
001 000033343
003 9496
005 20151016000000.0
008 151016s2008 000 eng
020 |a 9780470191385 
041 |a eng 
082 |a 420.004  |b FO-M 
100 |a Foley, Mary Jo 
245 |a Microsofl 2.0. How Microsofl Plans to Stay Relevant in the Post- Gates Era  |c Mary Jo Foley 
260 |a Wiley Publishing Inc  |c 2008 
300 |a 283p. : ill ; 30cm 
650 |a Microsofl 2.0. How Microsofl Plans to Stay Relevant in the Post- Gates Era, Computer 
852 |b Chuyên đề  |c Tiếng Anh tham khảo 1 
OWN |a LNN 
AVA |a UDN50  |b LNN  |d 420.004 FO-M  |e available  |t Error 5001 Not defined in file expand_doc_bib_avail.  |f 1  |g 0  |h N  |i 0  |k 1 
999 |a From the UDN01 
AVA |a UDN50  |b LNN  |d 420.004 FO-M  |e available  |t Error 5001 Not defined in file expand_doc_bib_avail.  |f 1  |g 0  |h N  |i 0  |k 1 
TYP |a Monograph 
980 |a Mạng thư viện Đại học Đà Nẵng